[Event "2016 NSW Open"]
[Site "?"]
[Date "2016.06.13"]
[Round "4.3"]
[White "Perera, Pasan"]
[Black "Bjelobrk, Igor"]
[Result "0-1"]
[LiveChessVersion "1.4.4"]
[BlackElo "2389"]
[WhiteElo "1982"]

1. d4 {[%clk 1:15:45]} Nf6 {[%clk 1:30:31]} 2. Nc3 {[%clk 1:16:01]} d5
{[%clk 1:30:37]} 3. Bg5 {[%clk 1:16:25]} Nbd7 {[%clk 1:30:53]} 4. e3
{[%clk 1:16:41]} g6 {[%clk 1:25:42]} 5. f4 {[%clk 1:16:38]} Bg7 {[%clk 1:25:36]}
6. Nf3 {[%clk 1:13:59]} O-O {[%clk 1:25:42]} 7. Bd3 {[%clk 1:13:15]} b6
{[%clk 1:22:58]} 8. O-O {[%clk 1:08:29]} Bb7 {[%clk 1:20:37]} 9. f5
{[%clk 1:08:22]} c5 {[%clk 1:04:04]} 10. fxg6 {[%clk 1:04:41]} fxg6
{[%clk 0:52:32]} 11. Qe1 {[%clk 0:52:02]} c4 {[%clk 0:43:10]} 12. Be2
{[%clk 0:52:10]} h6 {[%clk 0:41:21]} 13. Bf4 {[%clk 0:47:05]} Nh5
{[%clk 0:25:36]} 14. Ne5 {[%clk 0:46:13]} Nxf4 {[%clk 0:25:40]} 15. exf4
{[%clk 0:46:36]} Nxe5 {[%clk 0:25:51]} 16. fxe5 {[%clk 0:46:59]} Rxf1+
{[%clk 0:25:49]} 17. Qxf1 {[%clk 0:46:53]} Qd7 {[%clk 0:22:13]} 18. Bf3
{[%clk 0:43:00]} Rf8 {[%clk 0:21:42]} 19. Qe2 {[%clk 0:42:56]} h5
{[%clk 0:20:28]} 20. Rf1 {[%clk 0:37:34]} Bh6 {[%clk 0:20:37]} 21. g3
{[%clk 0:22:58]} e6 {[%clk 0:15:43]} 22. Kg2 {[%clk 0:20:16]} a5 {[%clk 0:14:49]}
23. a4 {[%clk 0:19:12]} Ba6 {[%clk 0:15:11]} 24. Rb1 {[%clk 0:16:58]} Qe7
{[%clk 0:14:38]} 25. h4 {[%clk 0:15:48]} Kg7 {[%clk 0:14:54]} 26. Kh3
{[%clk 0:14:51]} Qb4 {[%clk 0:14:32]} 27. g4 {[%clk 0:14:52]} hxg4+
{[%clk 0:14:52]} 28. Bxg4 {[%clk 0:15:05]} Qe7 {[%clk 0:10:56]} 29. Rf1
{[%clk 0:12:49]} Rxf1 {[%clk 0:07:47]} 30. Qxf1 {[%clk 0:13:19]} Be3
{[%clk 0:08:05]} 31. Ne2 {[%clk 0:13:30]} c3 {[%clk 0:08:13]} 32. bxc3
{[%clk 0:13:39]} Qf7 {[%clk 0:07:05]} 33. Qg2 {[%clk 0:12:13]} b5
{[%clk 0:05:01]} 34. Qg3 {[%clk 0:11:13]} Qf1+ {[%clk 0:04:33]} 35. Kh2
{[%clk 0:11:38]} Bd2 {[%clk 0:04:01]} 36. Bh5 {[%clk 0:11:05]} g5
{[%clk 0:04:22]} 37. Qd3 {[%clk 0:09:31]} Qf2+ {[%clk 0:04:37]} 38. Kh1
{[%clk 0:09:17]} Qxh4+ {[%clk 0:04:49]} 39. Kg2 {[%clk 0:09:19]} Qxh5
{[%clk 0:04:51]} 40. axb5 {[%clk 0:09:34]} Qg4+ {[%clk 0:03:44]} 41. Ng3
{[%clk 0:08:21]} Bxb5 {[%clk 0:03:38]} 42. Qxb5 {[%clk 0:08:30]} Bf4
{[%clk 0:03:46]} 43. Qd7+ {[%clk 0:06:57]} Kh6 {[%clk 0:04:10]} 44. Qd8
{[%clk 0:06:51]} Qxg3+ {[%clk 0:04:30]} 45. Kf1 {[%clk 0:07:13]} Qf3+
{[%clk 0:04:52]} 46. Kg1 {[%clk 0:07:35]} Be3+ {[%clk 0:03:50]} 47. Kh2
{[%clk 0:07:55]} Qf2+ {[%clk 0:04:04]} 0-1

[Event "2016 NSW Open"]
[Site "?"]
[Date "2016.06.13"]
[Round "4.4"]
[White "Xuan, Thomas"]
[Black "Jones, Richard"]
[Result "0-1"]
[LiveChessVersion "1.4.4"]
[BlackElo "2384"]
[WhiteElo "2026"]

1. d4 {[%clk 1:30:46]} Nf6 {[%clk 1:29:37]} 2. c4 {[%clk 1:31:07]} g6
{[%clk 1:30:03]} 3. Nc3 {[%clk 1:31:29]} Bg7 {[%clk 1:30:28]} 4. e4
{[%clk 1:31:53]} d6 {[%clk 1:30:56]} 5. h3 {[%clk 1:32:17]} O-O {[%clk 1:29:27]}
6. Bg5 {[%clk 1:32:06]} h6 {[%clk 1:25:50]} 7. Be3 {[%clk 1:32:24]} e5
{[%clk 1:22:49]} 8. d5 {[%clk 1:31:42]} Na6 {[%clk 1:15:07]} 9. Bd3
{[%clk 1:29:35]} Nc5 {[%clk 1:15:14]} 10. Nge2 c6 11. Bc2 {[%clk 1:19:37]} a5
{[%clk 1:08:34]} 12. g4 {[%clk 1:14:53]} Bd7 {[%clk 1:03:36]} 13. Ng3
{[%clk 1:06:29]} cxd5 {[%clk 1:02:54]} 14. cxd5 {[%clk 1:03:05]} b5
{[%clk 1:03:12]} 15. Qd2 {[%clk 0:59:31]} b4 {[%clk 1:03:27]} 16. Nce2
{[%clk 0:55:09]} Kh7 {[%clk 0:54:06]} 17. g5 hxg5 {[%clk 0:50:04]} 18. Bxg5
{[%clk 0:54:10]} Qb6 {[%clk 0:49:02]} 19. h4 Ng4 {[%clk 0:32:57]} 20. f3
{[%clk 0:35:32]} f6 {[%clk 0:32:29]} 21. fxg4 {[%clk 0:29:20]} fxg5
{[%clk 0:32:55]} 22. h5 {[%clk 0:28:38]} Bf6 {[%clk 0:23:47]} 23. hxg6+
{[%clk 0:25:14]} Kxg6 {[%clk 0:24:13]} 24. Nf5 {[%clk 0:25:29]} Rh8
{[%clk 0:24:33]} 25. Neg3 {[%clk 0:21:56]} Rxh1+ {[%clk 0:23:52]} 26. Nxh1
{[%clk 0:22:24]} Nb3 {[%clk 0:22:56]} 27. Bxb3 {[%clk 0:15:21]} Qg1+
{[%clk 0:23:09]} 28. Ke2 {[%clk 0:15:43]} Qxa1 {[%clk 0:22:22]} 29. Nf2
{[%clk 0:14:18]} Bd8 {[%clk 0:18:21]} 30. Nxd6 {[%clk 0:13:36]} Bb6
{[%clk 0:18:18]} 31. Nc4 {[%clk 0:12:46]} Bd4 {[%clk 0:18:20]} 32. Ne3
{[%clk 0:09:55]} Bb5+ {[%clk 0:15:07]} 33. Kf3 {[%clk 0:09:42]} Bxe3
{[%clk 0:14:20]} 34. Qxe3 {[%clk 0:08:33]} Rf8+ {[%clk 0:14:34]} 0-1

[Event "2016 NSW Open"]
[Site "?"]
[Date "2016.06.13"]
[Round "4.5"]
[White "Thakurta, Soumya"]
[Black "Smirnov, Anton"]
[Result "0-1"]
[LiveChessVersion "1.4.4"]
[BlackElo "2475"]
[WhiteElo "2185"]

1. d4 {[%clk 1:29:20]} d5 {[%clk 1:28:25]} 2. Nf3 {[%clk 1:28:34]} Nf6
{[%clk 1:28:40]} 3. g3 {[%clk 1:28:46]} g6 {[%clk 1:26:53]} 4. Bg2
{[%clk 1:29:01]} Bg7 {[%clk 1:27:21]} 5. c4 {[%clk 1:27:08]} c6 {[%clk 1:27:33]}
6. Nc3 {[%clk 1:26:05]} O-O {[%clk 1:26:41]} 7. O-O {[%clk 1:23:22]} dxc4
{[%clk 1:24:47]} 8. a4 {[%clk 1:23:25]} Na6 {[%clk 1:20:07]} 9. Ne5
{[%clk 1:11:32]} Ng4 {[%clk 1:12:26]} 10. Nxg4 {[%clk 1:02:24]} Bxg4
{[%clk 1:12:24]} 11. d5 {[%clk 1:02:33]} Nb4 {[%clk 1:03:37]} 12. h3
{[%clk 0:58:06]} Bd7 {[%clk 1:00:00]} 13. d6 {[%clk 0:52:45]} Bf5
{[%clk 0:52:05]} 14. e4 {[%clk 0:32:51]} Be6 {[%clk 0:52:18]} 15. dxe7
{[%clk 0:32:08]} Qxe7 {[%clk 0:52:31]} 16. Be3 {[%clk 0:32:36]} Nd3
{[%clk 0:43:57]} 17. Qe2 {[%clk 0:32:07]} f5 {[%clk 0:42:12]} 18. exf5
{[%clk 0:23:26]} Bxf5 {[%clk 0:41:55]} 19. g4 {[%clk 0:23:39]} Bd7
{[%clk 0:41:44]} 20. a5 {[%clk 0:24:00]} Rae8 {[%clk 0:34:32]} 21. Qc2
{[%clk 0:22:04]} Qb4 {[%clk 0:31:23]} 22. Rfb1 {[%clk 0:20:01]} Rxe3
{[%clk 0:24:19]} 23. fxe3 {[%clk 0:20:22]} Bh6 {[%clk 0:24:24]} 24. Ne4
{[%clk 0:17:13]} Bxe3+ {[%clk 0:23:53]} 25. Kh1 {[%clk 0:17:00]} Be6
{[%clk 0:20:02]} 26. b3 {[%clk 0:14:44]} Rf2 {[%clk 0:17:46]} 27. Qd1
{[%clk 0:06:24]} Bd5 {[%clk 0:14:27]} 28. bxc4 {[%clk 0:06:53]} Bxe4
{[%clk 0:14:50]} 29. Bxe4 {[%clk 0:02:24]} Qd6 {[%clk 0:15:12]} 30. Bg2
{[%clk 0:02:28]} Rd2 {[%clk 0:15:32]} 31. Qf3 {[%clk 0:02:36]} Nf2+
{[%clk 0:15:56]} 32. Kg1 {[%clk 0:02:55]} Nxg4+ {[%clk 0:16:21]} 0-1

[Event "2016 NSW Open"]
[Site "?"]
[Date "2016.06.13"]
[Round "4.6"]
[White "O'Chee, Kevin"]
[Black "Goh, Sean Christian"]
[Result "1-0"]
[LiveChessVersion "1.4.4"]
[BlackElo "1918"]
[WhiteElo "2085"]

1. e4 c5 2. Nf3 Nc6 3. d4 cxd4 4. Nxd4 g6 5. Nc3 Bg7 6. Be3 Nf6 7. Be2 O-O 8. Nb3
d6 9. f4 Be6 10. g4 d5 11. f5 Bc8 12. exd5 Nb4 13. Bf3 gxf5 14. a3 fxg4 15. Bg2
Nfxd5 16. Nxd5 Nxd5 17. Bxd5 Bxb2 18. O-O Qc7 19. Rb1 Bg7 20. Qe2 Qe5 21. Rbd1 e6
22. Bc4 f5 23. Qf2 b5 24. Bd4 Qe4 25. Bxg7 Kxg7 26. Bxb5 a6 27. Nc5 Qe5 28. Rfe1
Qf6 29. Bc6 Rb8 30. Bd7 Rf7 31. Nxe6+ Kg8 32. Qa7 Rxd7 33. Rxd7 Bxd7 34. Qxb8+
Kf7 35. Qf8+ Kg6 36. Qxf6+ Kxf6 37. Nc5 Bb5 38. Re6+ Kg5 39. Nxa6 h5 40. Nc5 h4
41. a4 Bc4 42. a5 g3 43. hxg3 hxg3 44. Re8 Kg4 45. a6 f4 46. a7 f3 47. Nd3 1-0

[Event "2016 NSW Open"]
[Site "?"]
[Date "2016.06.13"]
[Round "5.1"]
[White "Smirnov, Anton"]
[Black "Illingworth, Max"]
[Result "1-0"]
[LiveChessVersion "1.4.4"]
[BlackElo "2458"]
[WhiteElo "2475"]

1. e4 {[%clk 1:30:57]} e6 {[%clk 1:30:48]} 2. d4 {[%clk 1:31:19]} d5
{[%clk 1:31:13]} 3. Nc3 {[%clk 1:31:40]} Nf6 {[%clk 1:31:35]} 4. e5
{[%clk 1:32:05]} Nfd7 {[%clk 1:31:58]} 5. f4 {[%clk 1:32:32]} c5 {[%clk 1:32:21]}
6. Nf3 {[%clk 1:32:57]} Nc6 {[%clk 1:32:40]} 7. Be3 {[%clk 1:33:07]} a6
{[%clk 1:32:47]} 8. Qd2 {[%clk 1:32:07]} b5 {[%clk 1:32:46]} 9. Nd1
{[%clk 1:31:46]} Be7 {[%clk 1:28:56]} 10. Be2 {[%clk 1:28:56]} b4
{[%clk 1:28:38]} 11. c4 {[%clk 1:25:38]} bxc3 {[%clk 1:26:59]} 12. Nxc3
{[%clk 1:25:01]} c4 {[%clk 1:16:23]} 13. f5 {[%clk 1:23:40]} Nb6 {[%clk 1:16:01]}
14. fxe6 {[%clk 1:22:55]} Bxe6 {[%clk 1:14:22]} 15. Ng5 {[%clk 1:19:02]} O-O
{[%clk 1:13:09]} 16. O-O {[%clk 1:17:57]} Qd7 {[%clk 1:13:23]} 17. Nxe6
{[%clk 1:14:27]} fxe6 {[%clk 1:08:43]} 18. Bg4 {[%clk 1:13:42]} Bb4
{[%clk 1:07:23]} 19. Qc2 {[%clk 1:10:10]} Ne7 {[%clk 1:05:34]} 20. Ne2
{[%clk 1:09:01]} Nf5 {[%clk 1:04:45]} 21. Bxf5 {[%clk 1:09:12]} exf5
{[%clk 1:03:52]} 22. Rf3 {[%clk 1:07:50]} Qa4 {[%clk 0:55:31]} 23. b3
{[%clk 1:04:20]} cxb3 {[%clk 0:54:13]} 24. Qxb3 {[%clk 1:04:48]} Qxb3
{[%clk 0:44:48]} 25. axb3 {[%clk 1:05:12]} g6 {[%clk 0:45:05]} 26. Rff1
{[%clk 1:00:16]} Rfc8 {[%clk 0:44:51]} 27. Rfc1 {[%clk 1:00:13]} a5
{[%clk 0:44:36]} 28. Nf4 {[%clk 0:58:12]} g5 {[%clk 0:34:03]} 29. Nd3
{[%clk 0:45:49]} f4 {[%clk 0:27:11]} 30. Bf2 {[%clk 0:43:47]} Bc3
{[%clk 0:25:29]} 31. Rab1 {[%clk 0:42:57]} Bd2 {[%clk 0:19:50]} 32. Rc5
{[%clk 0:41:32]} Rxc5 {[%clk 0:19:49]} 33. dxc5 {[%clk 0:40:05]} Nd7
{[%clk 0:18:13]} 34. Kf1 {[%clk 0:36:12]} Nb8 {[%clk 0:12:14]} 35. Ke2
{[%clk 0:35:57]} Bc3 {[%clk 0:12:27]} 36. Rc1 {[%clk 0:35:14]} d4
{[%clk 0:12:51]} 37. Kf3 {[%clk 0:35:26]} Nc6 {[%clk 0:12:54]} 38. Ke4
{[%clk 0:34:53]} Kf7 {[%clk 0:11:14]} 39. h4 {[%clk 0:31:07]} h6 {[%clk 0:10:57]}
40. hxg5 {[%clk 0:31:27]} hxg5 {[%clk 0:11:24]} 41. Kf5 {[%clk 0:30:30]} Rb8
{[%clk 0:11:07]} 42. Rh1 {[%clk 0:29:04]} Kg7 {[%clk 0:06:23]} 43. Kxg5
{[%clk 0:27:27]} Rxb3 {[%clk 0:06:44]} 44. Rh6 {[%clk 0:26:13]} Ne7
{[%clk 0:04:59]} 45. Re6 {[%clk 0:23:43]} Kf7 {[%clk 0:05:02]} 46. Rf6+
{[%clk 0:22:57]} Ke8 {[%clk 0:03:59]} 47. Ra6 {[%clk 0:22:50]} f3
{[%clk 0:03:48]} 48. e6 {[%clk 0:20:49]} Bd2+ {[%clk 0:03:32]} 49. Kf6
{[%clk 0:21:14]} Nd5+ {[%clk 0:03:40]} 50. Ke5 {[%clk 0:21:38]} Nc7
{[%clk 0:01:55]} 51. Rb6 {[%clk 0:22:07]} a4 {[%clk 0:01:22]} 52. gxf3
{[%clk 0:22:32]} Ba5 {[%clk 0:01:14]} 53. Rxb3 {[%clk 0:22:03]} axb3
{[%clk 0:01:41]} 54. Bxd4 {[%clk 0:21:55]} Ke7 {[%clk 0:02:03]} 55. Nf4
{[%clk 0:22:19]} Nb5 {[%clk 0:01:22]} 56. Nd5+ {[%clk 0:22:08]} Ke8
{[%clk 0:01:48]} 57. Bb2 {[%clk 0:22:10]} Bd2 {[%clk 0:01:00]} 58. f4
{[%clk 0:22:21]} 1-0

[Event "2016 NSW Open"]
[Site "?"]
[Date "2016.06.13"]
[Round "5.2"]
[White "Jones, Richard"]
[Black "Brown, Andrew"]
[Result "1-0"]
[LiveChessVersion "1.4.4"]
[BlackElo "2199"]
[WhiteElo "2384"]

1. e4 {[%clk 1:30:57]} c5 {[%clk 1:29:25]} 2. Nf3 {[%clk 1:31:20]} Nc6
{[%clk 1:29:47]} 3. d4 {[%clk 1:31:45]} cxd4 {[%clk 1:30:13]} 4. Nxd4
{[%clk 1:32:13]} g6 {[%clk 1:30:02]} 5. c4 {[%clk 1:32:29]} Nf6 {[%clk 1:30:15]}
6. Nc3 {[%clk 1:32:53]} d6 {[%clk 1:30:20]} 7. Be2 {[%clk 1:33:16]} Nxd4
{[%clk 1:30:39]} 8. Qxd4 {[%clk 1:33:37]} Bg7 {[%clk 1:30:58]} 9. Be3
{[%clk 1:34:00]} O-O {[%clk 1:31:19]} 10. Qd2 {[%clk 1:34:23]} Be6
{[%clk 1:30:06]} 11. Rc1 {[%clk 1:32:18]} Qa5 {[%clk 1:28:35]} 12. f3
{[%clk 1:32:33]} Rfc8 {[%clk 1:28:25]} 13. b3 {[%clk 1:32:57]} a6
{[%clk 1:28:32]} 14. Na4 {[%clk 1:33:08]} Qxd2+ {[%clk 1:28:46]} 15. Kxd2
{[%clk 1:33:24]} Nd7 {[%clk 1:29:09]} 16. g4 {[%clk 1:33:39]} Rc6
{[%clk 1:26:47]} 17. h3 {[%clk 1:33:57]} Nc5 {[%clk 1:23:56]} 18. Nxc5
{[%clk 1:31:09]} dxc5 {[%clk 1:24:20]} 19. Kc2 {[%clk 1:26:21]} Bd4
{[%clk 1:18:58]} 20. Bxd4 {[%clk 1:20:58]} cxd4 {[%clk 1:19:21]} 21. Kd3
{[%clk 1:16:21]} Rd8 {[%clk 1:19:39]} 22. e5 {[%clk 1:15:08]} g5 {[%clk 1:16:39]}
23. h4 {[%clk 1:08:15]} Rc5 {[%clk 1:14:49]} 24. hxg5 {[%clk 1:08:36]} Rxe5
{[%clk 1:15:05]} 25. Rh5 {[%clk 1:08:50]} Kg7 {[%clk 0:30:02]} 26. Rch1
{[%clk 1:06:09]} Rh8 {[%clk 0:12:58]} 27. Bd1 {[%clk 1:06:03]} Ra5
{[%clk 0:11:03]} 28. a4 {[%clk 1:05:28]} b5 {[%clk 0:10:34]} 29. Kxd4
{[%clk 1:01:25]} bxc4 {[%clk 0:10:50]} 30. bxc4 {[%clk 1:01:42]} Rd8+
{[%clk 0:07:40]} 31. Kc3 {[%clk 1:01:44]} Rxd1 {[%clk 0:04:12]} 32. Rxd1
{[%clk 1:01:49]} Rxa4 {[%clk 0:04:36]} 33. Rh3 {[%clk 0:53:36]} Bxg4
{[%clk 0:00:34]} 34. fxg4 {[%clk 0:42:27]} Ra3+ {[%clk 0:01:03]} 35. Kb4
{[%clk 0:42:50]} Rxh3 {[%clk 0:01:30]} 36. c5 {[%clk 0:43:14]} Rh2
{[%clk 0:00:32]} 37. Rc1 {[%clk 0:43:26]} Rb2+ {[%clk 0:00:32]} 38. Ka5
{[%clk 0:43:49]} Kg6 {[%clk 0:00:31]} 39. c6 {[%clk 0:43:50]} Rb8
{[%clk 0:00:41]} 40. Rc5 {[%clk 0:43:02]} Re8 {[%clk 0:00:41]} 41. c7
{[%clk 0:42:25]} e5 {[%clk 0:00:39]} 42. Kxa6 {[%clk 0:42:11]} e4
{[%clk 0:00:32]} 43. Kb7 {[%clk 0:39:09]} e3 {[%clk 0:00:32]} 44. c8=Q
{[%clk 0:39:33]} Rxc8 {[%clk 0:00:57]} 45. Kxc8 {[%clk 0:39:59]} e2
{[%clk 0:01:13]} 46. Re5 {[%clk 0:40:24]} e1=Q {[%clk 0:01:36]} 47. Rxe1
{[%clk 0:40:49]} Kxg5 {[%clk 0:02:02]} 48. Rg1 {[%clk 0:39:15]} f5
{[%clk 0:02:11]} 49. gxf5+ {[%clk 0:39:38]} Kxf5 {[%clk 0:02:35]} 50. Rh1
{[%clk 0:39:56]} Kg6 {[%clk 0:02:58]} 51. Kd7 {[%clk 0:38:25]} h5
{[%clk 0:03:23]} 52. Ke6 {[%clk 0:38:07]} Kg5 {[%clk 0:03:44]} 53. Ke5
{[%clk 0:38:24]} Kg4 {[%clk 0:04:07]} 54. Ke4 {[%clk 0:38:49]} h4
{[%clk 0:04:33]} 55. Rg1+ {[%clk 0:38:55]} Kh3 {[%clk 0:04:56]} 56. Kf3
{[%clk 0:39:05]} Kh2 {[%clk 0:05:19]} 57. Rg2+ {[%clk 0:39:29]} Kh1
{[%clk 0:04:34]} 58. Rb2 {[%clk 0:39:33]} 1-0

[Event "2016 NSW Open"]
[Site "?"]
[Date "2016.06.13"]
[Round "5.3"]
[White "Bierkens, Pieter"]
[Black "Mallari, Donato"]
[Result "1/2-1/2"]
[LiveChessVersion "1.4.4"]
[BlackElo "1999"]
[WhiteElo "2109"]

1. e4 {[%clk 1:30:31]} c5 {[%clk 1:30:52]} 2. c3 {[%clk 1:30:44]} Qa5
{[%clk 1:30:09]} 3. Nf3 {[%clk 1:29:32]} Nc6 {[%clk 1:30:21]} 4. Be2
{[%clk 1:28:37]} Nf6 {[%clk 1:30:27]} 5. d3 {[%clk 1:27:41]} e5 {[%clk 1:30:23]}
6. O-O {[%clk 1:27:33]} Be7 {[%clk 1:30:20]} 7. Bg5 {[%clk 1:23:04]} d6
{[%clk 1:30:13]} 8. Nbd2 {[%clk 1:23:14]} Bg4 {[%clk 1:29:23]} 9. Nc4
{[%clk 1:22:24]} Qc7 {[%clk 1:29:33]} 10. Ne3 {[%clk 1:22:19]} Be6
{[%clk 1:29:20]} 11. Nd2 {[%clk 1:17:28]} h6 {[%clk 1:28:22]} 12. Bxf6
{[%clk 1:15:44]} Bxf6 {[%clk 1:28:34]} 13. Bg4 {[%clk 1:16:10]} Ne7
{[%clk 1:24:28]} 14. Bxe6 {[%clk 1:15:00]} fxe6 {[%clk 1:24:55]} 15. Ng4
{[%clk 1:13:10]} O-O {[%clk 1:20:45]} 16. Qb3 {[%clk 1:11:26]} Qd7
{[%clk 1:21:03]} 17. Rae1 {[%clk 1:10:43]} Ng6 {[%clk 1:19:43]} 18. d4
{[%clk 1:00:19]} b5 {[%clk 1:09:56]} 19. dxe5 {[%clk 0:55:59]} dxe5
{[%clk 1:10:03]} 20. Rd1 {[%clk 0:54:53]} Qc6 {[%clk 1:09:32]} 21. Qc2
{[%clk 0:51:46]} h5 {[%clk 1:00:48]} 22. Nxf6+ {[%clk 0:51:24]} gxf6
{[%clk 0:59:09]} 23. a4 {[%clk 0:48:27]} a6 {[%clk 0:59:20]} 24. axb5
{[%clk 0:47:33]} axb5 {[%clk 0:59:48]} 25. Ra1 {[%clk 0:42:03]} h4
{[%clk 0:55:24]} 26. Qd3 {[%clk 0:39:28]} Kf7 {[%clk 0:50:41]} 27. Qe3
{[%clk 0:36:27]} Rfd8 {[%clk 0:46:11]} 28. Nf3 {[%clk 0:32:15]} h3
{[%clk 0:37:57]} 29. g3 {[%clk 0:31:28]} Kg7 {[%clk 0:32:39]} 30. Rxa8
{[%clk 0:29:31]} Rxa8 {[%clk 0:31:09]} 31. Rd1 {[%clk 0:29:16]} c4
{[%clk 0:29:40]} 32. Kf1 {[%clk 0:28:57]} Ra2 {[%clk 0:28:18]} 33. Rd2
{[%clk 0:24:03]} Nf8 {[%clk 0:25:23]} 34. Nh4 {[%clk 0:23:02]} Nd7
{[%clk 0:25:06]} 35. Qf3 {[%clk 0:21:31]} Nc5 {[%clk 0:15:27]} 36. Qg4+
{[%clk 0:21:15]} Kf8 {[%clk 0:15:35]} 37. Ng6+ {[%clk 0:05:07]} Ke8
{[%clk 0:15:32]} 38. Qxh3 {[%clk 0:04:46]} Ra1+ {[%clk 0:13:11]} 39. Kg2
{[%clk 0:05:09]} Qxe4+ {[%clk 0:12:33]} 40. f3 {[%clk 0:05:34]} Rg1+
{[%clk 0:11:45]} 41. Kxg1 {[%clk 0:05:58]} Qe1+ {[%clk 0:12:00]} 42. Qf1
{[%clk 0:05:31]} Qxd2 {[%clk 0:12:19]} 43. Qf2 {[%clk 0:04:05]} Qxf2+
{[%clk 0:09:34]} 44. Kxf2 {[%clk 0:04:31]} Kf7 {[%clk 0:09:47]} 45. Nh4
{[%clk 0:04:46]} Nd3+ {[%clk 0:10:12]} 46. Ke3 {[%clk 0:05:11]} Nxb2
{[%clk 0:10:36]} 47. Ng2 {[%clk 0:04:22]} Nd1+ {[%clk 0:09:32]} 48. Kd2
{[%clk 0:04:45]} Nf2 {[%clk 0:09:47]} 49. Ne1 {[%clk 0:04:53]} Ke7
{[%clk 0:05:18]} 50. Ke2 {[%clk 0:05:08]} Nh3 {[%clk 0:05:32]} 51. Nc2
{[%clk 0:05:31]} Kd6 {[%clk 0:05:51]} 52. Ke3 {[%clk 0:05:41]} Kc5
{[%clk 0:05:31]} 53. f4 {[%clk 0:05:50]} exf4+ {[%clk 0:02:08]} 54. gxf4
{[%clk 0:06:19]} e5 {[%clk 0:01:56]} 55. fxe5 {[%clk 0:06:48]} fxe5
{[%clk 0:02:25]} 56. Nb4 {[%clk 0:05:37]} Kd6 {[%clk 0:02:31]} 57. Nc2
{[%clk 0:06:00]} Nf4 {[%clk 0:02:43]} 58. Na3 {[%clk 0:05:55]} Nd5+
{[%clk 0:02:58]} 59. Kd2 {[%clk 0:05:58]} Kc5 {[%clk 0:03:03]} 60. h4
{[%clk 0:06:05]} b4 {[%clk 0:03:06]} 61. cxb4+ {[%clk 0:06:33]} Kxb4
{[%clk 0:03:29]} 62. Nc2+ {[%clk 0:06:46]} Kb3 {[%clk 0:03:41]} 63. h5
{[%clk 0:05:15]} c3+ {[%clk 0:02:21]} 64. Kd1 {[%clk 0:05:41]} Nf6
{[%clk 0:02:02]} 65. h6 {[%clk 0:06:06]} Kc4 {[%clk 0:02:29]} 66. Ne3+
{[%clk 0:02:51]} Kb3 {[%clk 0:02:28]} 67. Ng4 {[%clk 0:02:24]} Kb2
{[%clk 0:01:42]} 68. Nxe5 {[%clk 0:02:10]} c2+ {[%clk 0:01:00]} 69. Ke2
{[%clk 0:02:39]} Kb1 {[%clk 0:01:23]} 70. Nd3 {[%clk 0:03:02]} c1=Q
{[%clk 0:01:43]} 71. Nxc1 {[%clk 0:03:28]} Kxc1 {[%clk 0:02:11]} 72. Kf3
{[%clk 0:03:47]} Kd2 {[%clk 0:02:23]} 73. Kf4 {[%clk 0:04:12]} Kd3
{[%clk 0:01:46]} 74. Kf5 {[%clk 0:04:35]} Nh7 {[%clk 0:01:55]} 75. Kg6
{[%clk 0:04:57]} Nf8+ {[%clk 0:01:55]} 76. Kf7 {[%clk 0:04:51]} Nh7
{[%clk 0:02:15]} 77. Kg7 {[%clk 0:05:16]} Ng5 {[%clk 0:02:40]} 78. Kg6
{[%clk 0:05:43]} Ne6 {[%clk 0:03:06]} 79. Kf6 {[%clk 0:05:41]} Nf8
{[%clk 0:03:32]} 80. Kg7 {[%clk 0:06:06]} Ne6+ {[%clk 0:03:57]} 81. Kf7
{[%clk 0:06:22]} Ng5+ {[%clk 0:04:25]} 82. Kg6 {[%clk 0:06:43]} 1/2-1/2

[Event "2016 NSW Open"]
[Site "?"]
[Date "2016.06.13"]
[Round "5.4"]
[White "Raykhman, Oleg"]
[Black "O'Chee, Kevin"]
[Result "1/2-1/2"]
[LiveChessVersion "1.4.4"]
[BlackElo "2085"]
[WhiteElo "1998"]

1. e4 {[%clk 1:30:56]} c5 {[%clk 1:30:57]} 2. Nf3 {[%clk 1:31:00]} e6
{[%clk 1:31:15]} 3. d4 {[%clk 1:31:00]} cxd4 {[%clk 1:31:40]} 4. Nxd4
{[%clk 1:31:14]} Nf6 {[%clk 1:32:06]} 5. Nc3 {[%clk 1:30:14]} Nc6
{[%clk 1:32:22]} 6. Nxc6 {[%clk 1:23:59]} bxc6 {[%clk 1:32:43]} 7. Bd3
{[%clk 1:23:33]} d5 {[%clk 1:33:00]} 8. exd5 {[%clk 1:18:10]} exd5
{[%clk 1:33:02]} 9. O-O {[%clk 1:17:59]} Be7 {[%clk 1:33:17]} 10. h3
{[%clk 1:15:56]} O-O {[%clk 1:32:42]} 11. Bf4 {[%clk 1:15:06]} a5
{[%clk 1:31:46]} 12. Re1 {[%clk 1:14:16]} a4 {[%clk 1:29:57]} 13. a3
{[%clk 1:13:37]} Bc5 {[%clk 1:27:54]} 14. Rb1 {[%clk 1:08:10]} Bb7
{[%clk 1:25:25]} 15. Bg5 {[%clk 1:05:18]} h6 {[%clk 1:24:30]} 16. Bh4
{[%clk 1:04:54]} Be7 {[%clk 1:22:58]} 17. Qe2 {[%clk 1:00:27]} Re8
{[%clk 1:22:26]} 18. Bxf6 {[%clk 0:58:35]} Bxf6 {[%clk 1:20:45]} 19. Qxe8+
{[%clk 0:58:46]} Qxe8 {[%clk 1:21:09]} 20. Rxe8+ {[%clk 0:59:03]} Rxe8
{[%clk 1:21:35]} 21. Nxa4 {[%clk 0:59:10]} Bd4 {[%clk 1:21:43]} 22. b3
{[%clk 0:52:44]} Ra8 {[%clk 1:20:07]} 23. Rd1 {[%clk 0:49:00]} Kf8
{[%clk 1:19:17]} 24. c3 {[%clk 0:44:45]} Ba7 {[%clk 1:18:42]} 25. Nb2
{[%clk 0:44:06]} c5 {[%clk 1:16:29]} 26. a4 Rb8 {[%clk 1:13:32]} 27. Bb5
{[%clk 0:43:29]} Ke7 {[%clk 1:12:47]} 28. Nd3 {[%clk 0:41:13]} Kd6
{[%clk 1:13:05]} 29. Nf4 {[%clk 0:39:53]} d4 {[%clk 1:11:10]} 30. cxd4 cxd4
{[%clk 1:11:33]} 31. Bc4 {[%clk 0:39:06]} f5 {[%clk 1:10:35]} 32. Re1
{[%clk 0:33:43]} Be4 {[%clk 1:07:12]} 33. Kf1 {[%clk 0:28:27]} g5
{[%clk 1:06:36]} 34. f3 {[%clk 0:24:17]} Bc2 {[%clk 1:05:38]} 35. Re6+
{[%clk 0:20:14]} Kd7 {[%clk 1:00:25]} 36. Rxh6 {[%clk 0:16:16]} gxf4
{[%clk 1:00:46]} 37. Rh7+ {[%clk 0:16:14]} Kd6 {[%clk 1:01:10]} 38. Rxa7
{[%clk 0:15:59]} Bxb3 39. Bd3 {[%clk 0:11:40]} Rb4 {[%clk 1:01:03]} 40. a5
{[%clk 0:10:00]} Bc4 {[%clk 1:00:01]} 41. Bxc4 Rxc4 42. Rg7 {[%clk 0:09:44]} Ra4
{[%clk 0:59:54]} 43. a6 {[%clk 0:10:06]} Kc5 {[%clk 0:59:53]} 44. Rf7
{[%clk 0:06:44]} Rxa6 {[%clk 0:58:00]} 45. Rxf5+ {[%clk 0:07:03]} Kc4
{[%clk 0:58:23]} 46. Rxf4 {[%clk 0:07:22]} Kc3 {[%clk 0:58:45]} 47. Rf8
{[%clk 0:06:31]} d3 {[%clk 0:57:39]} 48. Rc8+ {[%clk 0:06:52]} Kd2
{[%clk 0:57:56]} 49. g4 {[%clk 0:05:27]} Ke3 {[%clk 0:55:34]} 50. Re8+
{[%clk 0:03:40]} Kxf3 {[%clk 0:55:33]} 51. Ke1 {[%clk 0:03:57]} Kf4
{[%clk 0:53:33]} 52. Kd2 {[%clk 0:03:40]} Ra3 {[%clk 0:52:11]} 53. Rd8
{[%clk 0:03:30]} Ke4 {[%clk 0:52:09]} 54. Re8+ {[%clk 0:03:55]} Kf4 1/2-1/2